[Event "4NCL Division Two"]
[Site "Daventry, ENG"]
[Date "2023.03.19"]
[Round "8.31"]
[White "Merriman, John"]
[Black "Merry, Alan B"]
[Result "1-0"]
[WhiteElo "2351"]
[BlackElo "2440"]
[PlyCount "137"]
[EventDate "2023.03.19"]
[WhiteTeam "KJCA Kings"]
[BlackTeam "Barbican 4NCL"]

1. d4 Nf6 2. c4 e6 3. Nc3 Bb4 4. e3 O-O 5. Nge2 Re8 6. a3 Bf8 7. g3 d5 8. cxd5
exd5 9. Bg2 a5 10. O-O Na6 11. Bd2 c6 12. Rc1 Nc7 13. f3 Ne6 14. Be1 b5 15. Nb1
c5 16. Bf2 Ba6 17. Re1 Qb6 18. Nbc3 Qa7 19. Ra1 b4 20. Nb1 Qb6 21. a4 Rac8 22.
Nd2 cxd4 23. exd4 g6 24. Nb3 Nd7 25. Bh3 Rc7 26. Nec1 Rec8 27. Nd3 Ng5 28. Bg2
Bg7 29. Ndc5 Nxc5 30. Nxc5 Rd8 31. Qd2 Ne6 32. Nxe6 fxe6 33. Bh3 Bc8 34. Kg2
Rd6 35. Rac1 Rdc6 36. Rxc6 Rxc6 37. Rc1 Bd7 38. b3 Bf6 39. Re1 Qc7 40. Re2 Kg7
41. g4 Qd8 42. f4 Kf7 43. Be3 Rc3 44. Qd1 Qc8 45. g5 Bg7 46. Bg4 Qa6 47. Bf2
Qc6 48. Be1 Rc1 49. Qd3 Bc8 50. Qe3 Rc2 51. Rxc2 Qxc2+ 52. Bf2 Bd7 53. h4 h5
54. Be2 Bxd4 55. Qxd4 Qxe2 56. Qf6+ Ke8 57. Qxg6+ Kd8 58. Qf6+ Kc7 59. g6 Qg4+
60. Kh2 e5 61. Qxe5+ Kc8 62. g7 Qh3+ 63. Kg1 Qg4+ 64. Kf1 Qd1+ 65. Kg2 Qg4+ 66.
Bg3 Kb7 67. f5 d4 68. Qc7+ Ka6 69. Qd6+ 1-0

[Event "4NCL Division Two"]
[Site "Daventry, ENG"]
[Date "2023.03.19"]
[Round "8.32"]
[White "Taylor, Martin R"]
[Black "Hand, Freddie"]
[Result "1-0"]
[WhiteElo "2353"]
[BlackElo "2177"]
[PlyCount "105"]
[EventDate "2023.03.19"]
[WhiteTeam "Barbican 4NCL"]
[BlackTeam "KJCA Kings"]

1. d4 d5 2. c4 dxc4 3. Nf3 Nf6 4. e3 e6 5. Bxc4 a6 6. O-O c5 7. dxc5 Bxc5 8.
Qxd8+ Kxd8 9. Nbd2 Nbd7 10. Be2 b6 11. a3 a5 12. Rd1 Ke7 13. Nc4 Bb7 14. Bd2
Ne4 15. Be1 a4 16. Nd4 Nd6 17. Nxd6 Bxd6 18. Bb5 Nc5 19. Bb4 Rhc8 20. Rac1 g6
21. h3 e5 22. Ne2 Ba6 23. Bxa6 Rxa6 24. Nc3 Rc6 25. Rd5 Ke6 26. Rcd1 Be7 27. f4
f6 28. Kf2 Ra7 29. g4 Nb3 30. Bxe7 Rxe7 31. Kf3 Nc5 32. Rd8 e4+ 33. Nxe4 Nxe4
34. Kxe4 Kf7+ 35. Kf3 Rce6 36. R1d3 f5 37. R8d5 fxg4+ 38. hxg4 Rc6 39. g5 Rc5
40. Rxc5 bxc5 41. Rc3 Rc7 42. Rc4 Ke6 43. Ke4 Kd6 44. Rxa4 Re7+ 45. Kd3 Kd5 46.
e4+ Kc6 47. Rc4 Rd7+ 48. Ke3 Kb5 49. Rc2 Rf7 50. Rf2 Kc4 51. f5 gxf5 52. exf5
Re7+ 53. Kf4 1-0

[Event "4NCL Division Two"]
[Site "Daventry, ENG"]
[Date "2023.03.19"]
[Round "8.33"]
[White "Verma, Shlok"]
[Black "Pigott, John C"]
[Result "1/2-1/2"]
[WhiteElo "2092"]
[BlackElo "2361"]
[PlyCount "34"]
[EventDate "2023.03.19"]
[WhiteTeam "KJCA Kings"]
[BlackTeam "Barbican 4NCL"]

1. d4 Nf6 2. c4 e6 3. Nf3 d5 4. e3 Be7 5. Nc3 O-O 6. Bd3 dxc4 7. Bxc4 a6 8. a4
c5 9. dxc5 Bxc5 10. Qxd8 Rxd8 11. Ke2 Nc6 12. Bd2 b6 13. Rhd1 Bb7 14. Be1 Kf8
15. Rxd8+ Rxd8 16. Rd1 Rxd1 17. Nxd1 Ke7 1/2-1/2

[Event "4NCL Division Two"]
[Site "Daventry, ENG"]
[Date "2023.03.19"]
[Round "8.34"]
[White "Cox, John J"]
[Black "Merriman, James"]
[Result "1-0"]
[WhiteElo "2298"]
[BlackElo "2176"]
[PlyCount "83"]
[EventDate "2023.03.19"]
[WhiteTeam "Barbican 4NCL"]
[BlackTeam "KJCA Kings"]

1. c4 b6 2. Nc3 Bb7 3. d4 e6 4. a3 f5 5. d5 Nf6 6. g3 Na6 7. Bg2 Nc5 8. Nh3 Bd6
9. O-O O-O 10. Qc2 a5 11. Rd1 Qe7 12. Be3 Rab8 13. Nb5 Be5 14. Bf4 Bxf4 15.
Nxf4 e5 16. Nd3 Nxd3 17. Qxd3 e4 18. Qc3 d6 19. f4 Bc8 20. e3 Bd7 21. Nd4 Qf7
22. Bf1 Qg6 23. Kg2 Kf7 24. b4 Ra8 25. c5 Rfc8 26. c6 Be8 27. bxa5 Rxa5 28. Nb3
Raa8 29. a4 Ke7 30. a5 bxa5 31. Rxa5 Rxa5 32. Qxa5 Qg4 33. Re1 Qf3+ 34. Kg1 Bf7
35. Nd4 Qh5 36. Ba6 Ng4 37. h4 Rd8 38. Qxc7+ Ke8 39. Bc8 Nxe3 40. Bd7+ Ke7 41.
Bxf5+ Ke8 42. Bd7+ 1-0

[Event "4NCL Division Two"]
[Site "Daventry, ENG"]
[Date "2023.03.19"]
[Round "8.35"]
[White "Young, Daniel J"]
[Black "Navarro Cia, Miguel"]
[Result "0-1"]
[WhiteElo "2013"]
[BlackElo "2229"]
[PlyCount "60"]
[EventDate "2023.03.19"]
[WhiteTeam "KJCA Kings"]
[BlackTeam "Barbican 4NCL"]

1. e4 e6 2. d4 d5 3. e5 c5 4. c3 Qb6 5. Nf3 Nc6 6. Bd3 cxd4 7. O-O Bd7 8. Re1
a6 9. Qe2 Nge7 10. h4 dxc3 11. Nxc3 Nd4 12. Nxd4 Qxd4 13. h5 Nc6 14. Be3 Qh4
15. f4 d4 16. Bf2 Qxf4 17. Na4 Bb4 18. Nb6 Bxe1 19. Rxe1 Rd8 20. a3 O-O 21. Qc2
Nxe5 22. Bxh7+ Kh8 23. Re4 Qg5 24. Qd1 Kxh7 25. Bh4 Qf5 26. Rxd4 f6 27. Nxd7
Rxd7 28. Rxd7 Nxd7 29. Qxd7 Qxh5 30. Bg3 Qd5 0-1

[Event "4NCL Division Two"]
[Site "Daventry, ENG"]
[Date "2023.03.19"]
[Round "8.36"]
[White "Sowray, Peter J"]
[Black "Bansal, Rohan"]
[Result "0-1"]
[WhiteElo "2209"]
[BlackElo "2084"]
[PlyCount "84"]
[EventDate "2023.03.19"]
[WhiteTeam "Barbican 4NCL"]
[BlackTeam "KJCA Kings"]

1. e4 e6 2. d4 d5 3. Nc3 h6 4. Bd3 Nc6 5. Nf3 Nb4 6. Be2 Nf6 7. e5 Ne4 8. Be3
Nxc3 9. bxc3 Nc6 10. Bd3 Na5 11. Nd2 Bd7 12. O-O a6 13. Rb1 Bc6 14. f4 g6 15.
Qe2 Qd7 16. Bf2 Be7 17. Nf3 Nc4 18. g4 h5 19. h3 hxg4 20. hxg4 Bb5 21. Bg3
O-O-O 22. Kg2 Na3 23. Rb3 Bc4 24. Rb2 Qc6 25. Be1 Rh7 26. Rh1 Rxh1 27. Kxh1
Rh8+ 28. Kg2 Qe8 29. Nd2 Qg8 30. Bxc4 Nxc4 31. Nxc4 dxc4 32. Bg3 Qh7 33. Qf3
Qh1+ 34. Kf2 Qxf3+ 35. Kxf3 Rh1 36. a4 Ra1 37. f5 Ba3 38. fxg6 fxg6 39. Rb4
Bxb4 40. cxb4 Kd7 41. Kf4 Ke7 42. Kg5 Kf7 0-1

[Event "4NCL Division Two"]
[Site "Daventry, ENG"]
[Date "2023.03.19"]
[Round "8.37"]
[White "Ball, Laurence"]
[Black "Lauterbach, Ingrid"]
[Result "0-1"]
[WhiteElo "2043"]
[BlackElo "2004"]
[PlyCount "56"]
[EventDate "2023.03.19"]
[WhiteTeam "KJCA Kings"]
[BlackTeam "Barbican 4NCL"]

1. f4 d5 2. Nf3 c5 3. d3 Nf6 4. g3 Nc6 5. Bg2 Bg4 6. Nbd2 e6 7. O-O Be7 8. c3
Qc7 9. e4 e5 10. f5 d4 11. h3 Bxf3 12. Qxf3 dxc3 13. bxc3 Rd8 14. Nc4 b5 15.
Nb2 Qa5 16. Bd2 c4 17. Be1 Ba3 18. Qe2 Bxb2 19. Qxb2 Rxd3 20. Kh2 O-O 21. g4
Nd7 22. f6 g6 23. Qc1 Nd8 24. g5 Ne6 25. Rf3 Ndc5 26. Re3 Rfd8 27. Bf1 Rxe3 28.
Qxe3 Nb3 0-1

[Event "4NCL Division Two"]
[Site "Daventry, ENG"]
[Date "2023.03.19"]
[Round "8.41"]
[White "Dong, Bao Nghia"]
[Black "Claridge-Hansen, William"]
[Result "0-1"]
[WhiteElo "2411"]
[BlackElo "2347"]
[PlyCount "106"]
[EventDate "2023.03.19"]
[WhiteTeam "The Sharks 2"]
[BlackTeam "Oxford 1"]

1. e4 c6 2. d4 d5 3. Nd2 dxe4 4. Nxe4 Nf6 5. Ng3 e5 6. Nf3 exd4 7. Qxd4 Qxd4 8.
Nxd4 g6 9. Bg5 Bg7 10. O-O-O O-O 11. f3 Nbd7 12. h4 h5 13. Bc4 Nb6 14. Be2 a6
15. Rhe1 c5 16. Nb3 Na4 17. c3 Be6 18. f4 b5 19. Bf3 Ra7 20. f5 gxf5 21. Be3
Rc8 22. Nxh5 Nxh5 23. Bxh5 b4 24. Bd2 bxc3 25. bxc3 Nxc3 26. Bxc3 Bxc3 27. Re2
a5 28. Kc2 Bf6 29. Bf3 a4 30. Nc1 Bc4 31. Rd6 Bxe2 32. Nxe2 Bxh4 33. Rd5 Bf6
34. Rxf5 Bg7 35. Bd5 Rb8 36. Nc3 Bxc3 37. Kxc3 Rb1 38. Be4 Ra1 39. Kb2 Re1 40.
Bf3 a3+ 41. Kc2 Rf1 42. Rg5+ Kf8 43. Bd5 Re7 44. Rg3 Re2+ 45. Kb3 Rb1+ 46. Ka4
Re7 47. Rb3 Ra7+ 48. Kb5 Rxb3+ 49. Bxb3 Rb7+ 50. Ka4 Rb4+ 51. Kxa3 Ke7 52. Bd5
f6 53. Bf3 Kd6 0-1

[Event "4NCL Division Two"]
[Site "Daventry, ENG"]
[Date "2023.03.19"]
[Round "8.42"]
[White "Zakarian, David"]
[Black "Williams, Samuel G"]
[Result "1-0"]
[WhiteElo "2299"]
[BlackElo "2234"]
[PlyCount "58"]
[EventDate "2023.03.19"]
[WhiteTeam "Oxford 1"]
[BlackTeam "The Sharks 2"]

1. e4 c6 2. d4 d5 3. exd5 cxd5 4. Bd3 Nc6 5. c3 Qc7 6. h3 e6 7. Nf3 Bd6 8. Be3
Nge7 9. Qc2 Bd7 10. Nbd2 Rc8 11. Rc1 h6 12. O-O O-O 13. Qd1 f6 14. c4 Be8 15.
cxd5 Nxd5 16. Bb1 f5 17. Nc4 Bh5 18. g4 fxg4 19. Nfe5 Nxe5 20. Nxe5 Nxe3 21.
Qd3 Nf5 22. Rxc7 Rxc7 23. hxg4 Bxe5 24. gxf5 Bf6 25. fxe6 Rd8 26. Qh7+ Kf8 27.
Qf5 Be2 28. Re1 Bc4 29. e7+ Rxe7 1-0

[Event "4NCL Division Two"]
[Site "Daventry, ENG"]
[Date "2023.03.19"]
[Round "8.43"]
[White "Purton, Ben J"]
[Black "Powierski, Emil"]
[Result "1/2-1/2"]
[WhiteElo "2151"]
[BlackElo "2290"]
[PlyCount "57"]
[EventDate "2023.03.19"]
[WhiteTeam "The Sharks 2"]
[BlackTeam "Oxford 1"]

1. e4 c6 2. d4 d5 3. e5 c5 4. dxc5 e6 5. a3 Bxc5 6. b4 Be7 7. Nf3 a5 8. b5 f6
9. Bb2 Nd7 10. Bd3 Nh6 11. Qe2 fxe5 12. Nxe5 Nxe5 13. Bxe5 Nf7 14. Bb2 Bf6 15.
c4 Bxb2 16. Qxb2 O-O 17. O-O b6 18. cxd5 Qxd5 19. Be2 Qg5 20. Bf3 Ra7 21. Re1
Rd7 22. Qe2 Nh6 23. Nc3 Nf5 24. Qe5 Rdf7 25. Ne4 Qh6 26. Bg4 Qg6 27. f3 h5 28.
Bxf5 Rxf5 29. Qg3 1/2-1/2

[Event "4NCL Division Two"]
[Site "Daventry, ENG"]
[Date "2023.03.19"]
[Round "8.44"]
[White "Anand, Batsukh"]
[Black "Varnam, Liam D"]
[Result "1-0"]
[WhiteElo "2186"]
[BlackElo "2130"]
[PlyCount "119"]
[EventDate "2023.03.19"]
[WhiteTeam "Oxford 1"]
[BlackTeam "The Sharks 2"]

1. Nf3 d5 2. d4 Nf6 3. c4 dxc4 4. e3 e6 5. Bxc4 c5 6. O-O a6 7. a4 Nc6 8. Qe2
cxd4 9. Rd1 Be7 10. exd4 Nb4 11. Ne5 O-O 12. Be3 Nfd5 13. Nc3 f6 14. Nf3 b6 15.
Re1 Bd6 16. Bd2 Bd7 17. Nxd5 Nxd5 18. Bxa6 Re8 19. b3 Nc7 20. Bc4 Bc6 21. Rac1
Qd7 22. Bd3 Bd5 23. Be4 Bxe4 24. Qxe4 Nd5 25. h4 b5 26. axb5 Qxb5 27. Rb1 Ra2
28. Rec1 f5 29. Qe1 Nf4 30. Bxf4 Bxf4 31. Rc4 Qd5 32. Ra1 Rxa1 33. Qxa1 Rb8 34.
Qc3 Bd6 35. Rc8+ Kf7 36. Ng5+ Kg6 37. Rxb8 Bxb8 38. Qc8 Qxb3 39. Qe8+ Kh6 40.
Nf7+ Kh5 41. Ne5+ Kh6 42. Qe7 Qd1+ 43. Kh2 Qd2 44. Kh3 Bxe5 45. dxe5 Qf4 46. f3
Qc1 47. Qxe6+ g6 48. Qf6 Qh1+ 49. Kg3 Qe1+ 50. Kh2 Qb4 51. e6 Qb8+ 52. Kh3 Qd6
53. Qf7 Qd1 54. Qf8+ Kh5 55. Qf6 Qh1+ 56. Kg3 Qe1+ 57. Kh2 h6 58. e7 g5 59.
Qf7+ Kxh4 60. e8=Q 1-0

[Event "4NCL Division Two"]
[Site "Daventry, ENG"]
[Date "2023.03.19"]
[Round "8.45"]
[White "Milson, Samuel A"]
[Black "Manley, Jon P"]
[Result "1-0"]
[WhiteElo "2189"]
[BlackElo "2171"]
[PlyCount "69"]
[EventDate "2023.03.19"]
[WhiteTeam "The Sharks 2"]
[BlackTeam "Oxford 1"]

1. e4 e5 2. Nf3 Nc6 3. Bb5 f5 4. d3 fxe4 5. dxe4 Nf6 6. O-O d6 7. Bc4 Bg4 8. h3
Bh5 9. Nc3 Qd7 10. Be3 O-O-O 11. Rb1 h6 12. Be2 Bf7 13. b4 Kb8 14. b5 Ne7 15.
a4 g5 16. a5 b6 17. Qc1 g4 18. hxg4 Nxg4 19. Rd1 Rg8 20. Nh4 h5 21. Ra1 Nxe3
22. Qxe3 Qe6 23. axb6 cxb6 24. Nf5 Qg6 25. Bf3 Rd7 26. Ra6 Nc8 27. Rda1 d5 28.
Na4 d4 29. Qe1 h4 30. Nxb6 axb6 31. Ra8+ Kb7 32. Rxc8 Kxc8 33. Ra8+ Kc7 34. Qa1
Bd5 35. Qa7+ 1-0

[Event "4NCL Division Two"]
[Site "Daventry, ENG"]
[Date "2023.03.19"]
[Round "8.46"]
[White "Zakarian, Dimitrios Levon"]
[Black "Price, Gwilym"]
[Result "1/2-1/2"]
[WhiteElo "2098"]
[BlackElo "2165"]
[PlyCount "69"]
[EventDate "2023.03.19"]
[WhiteTeam "Oxford 1"]
[BlackTeam "The Sharks 2"]

1. d4 Nf6 2. Nf3 g6 3. c4 Bg7 4. g3 O-O 5. Bg2 d6 6. Nc3 Nbd7 7. O-O e5 8. e4
a6 9. Qc2 exd4 10. Nxd4 Ne5 11. b3 c5 12. Nde2 Rb8 13. a4 Ne8 14. Bb2 Nc7 15.
Nd5 Nxd5 16. cxd5 Re8 17. f4 Ng4 18. Bxg7 Kxg7 19. Qc3+ Qf6 20. Qd3 Qe7 21. Nc3
f6 22. Rfe1 b5 23. axb5 c4 24. Qd4 cxb3 25. h3 Nh6 26. Reb1 axb5 27. Rxb3 Bd7
28. Rab1 Nf7 29. Nxb5 Bxb5 30. Rxb5 Qc7 31. Kh2 Rxb5 32. Rxb5 Rb8 33. Qb4 Rxb5
34. Qxb5 Qc3 35. Qd7 1/2-1/2

[Event "4NCL Division Two"]
[Site "Daventry, ENG"]
[Date "2023.03.19"]
[Round "8.47"]
[White "Kueh, Audrey"]
[Black "Hansen, Hans-Peter"]
[Result "1/2-1/2"]
[WhiteElo "2140"]
[BlackElo "2155"]
[PlyCount "36"]
[EventDate "2023.03.19"]
[WhiteTeam "The Sharks 2"]
[BlackTeam "Oxford 1"]

1. e4 c5 2. Nf3 e6 3. c3 Nf6 4. e5 Nd5 5. d4 cxd4 6. cxd4 d6 7. Bd3 dxe5 8.
Nxe5 Nc6 9. O-O Be7 10. Nd2 Ndb4 11. Nxc6 bxc6 12. Nf3 Nxd3 13. Qxd3 O-O 14.
Bf4 Qd5 15. Rfe1 f6 16. Qe4 Bd7 17. a3 Rfc8 18. Nd2 Qxe4 1/2-1/2

[Event "4NCL Division Two"]
[Site "Daventry, ENG"]
[Date "2023.03.19"]
[Round "8.48"]
[White "Arora, Tashika"]
[Black "Birtwistle, Nigel"]
[Result "1/2-1/2"]
[WhiteElo "2012"]
[BlackElo "2131"]
[PlyCount "64"]
[EventDate "2023.03.19"]
[WhiteTeam "Oxford 1"]
[BlackTeam "The Sharks 2"]

1. d4 Nf6 2. c4 c5 3. d5 b5 4. Qc2 b4 5. e4 d6 6. f4 g6 7. Nf3 Bg7 8. Bd3 O-O
9. O-O a5 10. Re1 e6 11. Nbd2 exd5 12. exd5 Re8 13. Nf1 Rxe1 14. Nxe1 Qe8 15.
Bd2 Ra7 16. h3 Re7 17. Ng3 Bd7 18. Rd1 Qc8 19. Kh2 Na6 20. Nf3 Nc7 21. Re1 Rxe1
22. Bxe1 Qe8 23. Qe2 Qxe2 24. Bxe2 Nfe8 25. b3 f5 26. Bd3 Nf6 27. Kg1 Bc8 28.
Bc2 Bd7 29. Bd3 Na8 30. Kf2 Nb6 31. Bd2 Bc8 32. Ke2 Bd7 1/2-1/2

[Event "4NCL Division Two"]
[Site "Daventry, ENG"]
[Date "2023.03.19"]
[Round "8.51"]
[White "Turner, Max N"]
[Black "Chan, Kim Yew"]
[Result "0-1"]
[WhiteElo "2259"]
[BlackElo "2382"]
[PlyCount "48"]
[EventDate "2023.03.19"]
[WhiteTeam "North East England"]
[BlackTeam "SchachAttack"]

1. d4 Nf6 2. c4 e6 3. Nc3 Bb4 4. e3 O-O 5. Bd2 d5 6. Nf3 b6 7. cxd5 exd5 8. Bd3
Bb7 9. O-O Bd6 10. Qc2 c5 11. a3 Nc6 12. dxc5 bxc5 13. Na4 Qe7 14. Rac1 Rac8
15. Nxc5 Ne5 16. b4 Nxf3+ 17. gxf3 d4 18. e4 Nh5 19. f4 Nxf4 20. Bxf4 Bxf4 21.
Rb1 Bxh2+ 22. Kxh2 Qh4+ 23. Kg1 Qg4+ 24. Kh1 Qf3+ 0-1

[Event "4NCL Division Two"]
[Site "Daventry, ENG"]
[Date "2023.03.19"]
[Round "8.52"]
[White "Wilks, Simon"]
[Black "Oswald, Graeme"]
[Result "1/2-1/2"]
[WhiteElo "2224"]
[BlackElo "2226"]
[PlyCount "86"]
[EventDate "2023.03.19"]
[WhiteTeam "SchachAttack"]
[BlackTeam "North East England"]

1. e4 c5 2. c3 d5 3. exd5 Qxd5 4. d4 Nf6 5. Nf3 Bg4 6. Be2 e6 7. c4 Qd8 8. Nc3
cxd4 9. Nxd4 Bxe2 10. Qa4+ Nbd7 11. Ndxe2 Be7 12. O-O O-O 13. Rd1 Qc8 14. b3 a6
15. Be3 Rd8 16. Qa5 h6 17. h3 Qb8 18. Bf4 e5 19. Be3 b6 20. Qa4 Qb7 21. Nd5
Nxd5 22. cxd5 Nc5 23. Qg4 Rxd5 24. Bxh6 Bf8 25. Ng3 Rad8 26. Rxd5 Rxd5 27. Nf5
Ne6 28. Rc1 g6 29. Bxf8 Kxf8 30. Ne3 Rd4 31. Qg3 Nf4 32. Rc2 Qd7 33. Qg5 Qxh3
34. Qxf4 exf4 35. gxh3 fxe3 36. fxe3 Rd6 37. Kf2 Kg7 38. Kf3 f5 39. Rc3 Re6 40.
Rc4 b5 41. Rd4 Rc6 42. h4 Kf6 43. Rf4 Re6 1/2-1/2

[Event "4NCL Division Two"]
[Site "Daventry, ENG"]
[Date "2023.03.19"]
[Round "8.53"]
[White "Longson, Sarah N"]
[Black "Waller, Dan"]
[Result "0-1"]
[WhiteElo "2169"]
[BlackElo "2145"]
[PlyCount "112"]
[EventDate "2023.03.19"]
[WhiteTeam "North East England"]
[BlackTeam "SchachAttack"]

1. e4 c5 2. Nc3 g6 3. d4 cxd4 4. Qxd4 Nf6 5. Nf3 Nc6 6. Qa4 d6 7. e5 dxe5 8.
Nxe5 Bd7 9. Nxd7 Nxd7 10. Bb5 Bg7 11. Bxc6 bxc6 12. Qxc6 Rc8 13. Qa4 Rxc3 14.
Bh6 Bxh6 15. Qd4 O-O 16. Qxc3 Bg7 17. Qd2 Qc7 18. c3 Qe5+ 19. Qe2 Rb8 20. Qxe5
Bxe5 21. O-O-O Nb6 22. Rhe1 Bf6 23. Re4 a5 24. Kc2 Kf8 25. f4 h5 26. g3 Ke8 27.
Rd2 e6 28. h3 Rd8 29. Rxd8+ Kxd8 30. a3 Kd7 31. b4 a4 32. c4 Kc6 33. g4 hxg4
34. hxg4 Nc8 35. Re2 Nd6 36. Kd3 Bg7 37. Rg2 f6 38. Re2 e5 39. fxe5 fxe5 40.
Rc2 e4+ 41. Ke3 Bh6+ 42. Kd4 e3 43. b5+ Kd7 44. Kd5 Bf4 45. b6 Nc8 46. c5 Ne7+
47. Ke4 g5 48. Kd3 Kc6 49. Rc4 Ng6 50. Rxa4 Ne5+ 51. Ke2 Kxc5 52. b7 Nc6 53.
Rxf4 gxf4 54. g5 Kd5 55. a4 Nb8 56. a5 Ke5 0-1

[Event "4NCL Division Two"]
[Site "Daventry, ENG"]
[Date "2023.03.19"]
[Round "8.55"]
[White "Henderson, David"]
[Black "Alizada, Eldar"]
[Result "1/2-1/2"]
[WhiteElo "2152"]
[BlackElo "2088"]
[PlyCount "52"]
[EventDate "2023.03.19"]
[WhiteTeam "North East England"]
[BlackTeam "SchachAttack"]

1. c4 c6 2. g3 d5 3. Bg2 Nf6 4. Nf3 Bf5 5. b3 e6 6. Bb2 Bd6 7. d4 h6 8. Nbd2
O-O 9. O-O Ne4 10. Nxe4 Bxe4 11. Nd2 Bxg2 12. Kxg2 Nd7 13. e4 Bb4 14. f3 f5 15.
exf5 exf5 16. a3 Bxd2 17. Qxd2 Qb6 18. Qc2 Rae8 19. Rae1 Qd8 20. Bc3 Rf6 21.
Qd3 a6 22. Bd2 Nf8 23. Bf4 Rxe1 24. Rxe1 Re6 25. Re5 Rxe5 26. Bxe5 Qd7 1/2-1/2

[Event "4NCL Division Two"]
[Site "Daventry, ENG"]
[Date "2023.03.19"]
[Round "8.56"]
[White "Hng, Mei-En Emmanuelle"]
[Black "Coathup, Roger H"]
[Result "1/2-1/2"]
[WhiteElo "2104"]
[BlackElo "2145"]
[PlyCount "97"]
[EventDate "2023.03.19"]
[WhiteTeam "SchachAttack"]
[BlackTeam "North East England"]

1. Nf3 c5 2. e4 e6 3. d4 cxd4 4. c3 Nf6 5. e5 Nd5 6. Qxd4 Nc6 7. Qe4 d6 8. exd6
Bxd6 9. Bc4 Nf6 10. Qe2 Qc7 11. Bg5 Ng4 12. h3 Nge5 13. Nxe5 Nxe5 14. Bb3 Bd7
15. Nd2 h6 16. Be3 Bc6 17. Rg1 a6 18. f4 Nd7 19. g3 O-O-O 20. O-O-O Nc5 21. Bc2
Bb5 22. c4 Bc6 23. Kb1 Qa5 24. Nb3 Nxb3 25. Bxb3 Qf5+ 26. Bc2 Be4 27. Bb6 Bxc2+
28. Qxc2 Qxc2+ 29. Kxc2 Bc7 30. Bxc7 Kxc7 31. Kc3 h5 32. Rge1 Rxd1 33. Rxd1 Re8
34. Re1 Rd8 35. Re5 g6 36. g4 hxg4 37. hxg4 Rh8 38. g5 Rh3+ 39. Kd4 Rh2 40. Kc3
Rf2 41. Re4 Kc6 42. a4 a5 43. b3 Kc5 44. Re5+ Kc6 45. Re4 Rf3+ 46. Kc2 b6 47.
Kb2 Kd6 48. Kc2 Kc6 49. Kb2 1/2-1/2

[Event "4NCL Division Two"]
[Site "Daventry, ENG"]
[Date "2023.03.19"]
[Round "8.57"]
[White "Gazis, Georgios"]
[Black "Handley, Michael R"]
[Result "0-1"]
[WhiteElo "1966"]
[BlackElo "2092"]
[PlyCount "108"]
[EventDate "2023.03.19"]
[WhiteTeam "North East England"]
[BlackTeam "SchachAttack"]

1. e4 e6 2. d4 d5 3. Nc3 Nf6 4. Bg5 dxe4 5. Nxe4 Be7 6. Bxf6 gxf6 7. Nf3 a6 8.
g3 f5 9. Nc3 b5 10. Bg2 Bb7 11. O-O O-O 12. Qe2 c5 13. Rfd1 Qc7 14. dxc5 Bxc5
15. Ng5 h6 16. Qh5 Kg7 17. Nh3 Nd7 18. Nf4 Bxg2 19. Kxg2 b4 20. Nce2 Nf6 21.
Qh4 Qb7+ 22. f3 Ng4 23. Nh5+ Kh8 24. Nf6 Be7 25. Rd7 Qxd7 26. Nxd7 Bxh4 27.
Nxf8 Ne3+ 28. Kf2 Bg5 29. Nd7 Ra7 30. Ne5 Nxc2 31. Rd1 Be3+ 32. Kg2 Bb6 33. Nc4
Ne3+ 34. Nxe3 Bxe3 35. Rd3 Bg5 36. Rd6 a5 37. f4 Bf6 38. Rd2 a4 39. Kf3 Kg7 40.
Nd4 Rc7 41. Ke3 Rc4 42. b3 Rc3+ 43. Rd3 Bxd4+ 44. Kxd4 Rc2 45. bxa4 Rxa2 46.
Kc4 Rxa4 47. h4 Ra3 48. Rd4 Rxg3 49. Kxb4 Rg4 50. Kc5 Rxh4 51. Kd6 Kf6 52. Rb4
Rg4 53. Kd7 h5 54. Ke8 Rg8+ 0-1

[Event "4NCL Division Two"]
[Site "Daventry, ENG"]
[Date "2023.03.19"]
[Round "8.58"]
[White "Zhang, Harvey Y"]
[Black "Salazar Eyre, Emma"]
[Result "1-0"]
[WhiteElo "2138"]
[BlackElo "1697"]
[PlyCount "69"]
[EventDate "2023.03.19"]
[WhiteTeam "SchachAttack"]
[BlackTeam "North East England"]

1. d4 Nf6 2. Nf3 e6 3. e3 b6 4. Bd3 Bb7 5. b3 d5 6. Bb2 Be7 7. O-O O-O 8. Ne5
Nbd7 9. f4 c5 10. Nd2 Rc8 11. Qf3 Qc7 12. Qh3 Ne4 13. Ndf3 Ndf6 14. g4 Bd6 15.
Rae1 Bxe5 16. fxe5 Nd7 17. Nd2 f5 18. gxf5 Nxd2 19. fxe6 Rxf1+ 20. Rxf1 Nf8 21.
Rf7 Qc6 22. Rxf8+ Kxf8 23. Qf5+ Ke8 24. Qf7+ Kd8 25. e7+ Kc7 26. e8=Q+ Kb8 27.
Qxc6 Bxc6 28. e6 c4 29. Bxh7 cxb3 30. axb3 Be8 31. Qf4+ Kb7 32. Bc1 Ne4 33.
Bxe4 dxe4 34. Qxe4+ Kb8 35. e7 1-0

[Event "4NCL Division Two"]
[Site "Daventry, ENG"]
[Date "2023.03.19"]
[Round "8.61"]
[White "Macklin, Paul"]
[Black "Jackson, James P"]
[Result "0-1"]
[WhiteElo "2361"]
[BlackElo "2389"]
[PlyCount "104"]
[EventDate "2023.03.19"]
[WhiteTeam "Spirit of Atticus"]
[BlackTeam "The Rookies"]

1. e4 e5 2. Nf3 Nc6 3. Bc4 Nf6 4. d3 Bc5 5. c3 d6 6. O-O a6 7. a4 Ba7 8. Re1 h6
9. Nbd2 g5 10. b4 Nh7 11. Nf1 g4 12. N3d2 Qf6 13. Ne3 Ng5 14. Rf1 Ne7 15. Kh1
Qg7 16. Bb2 f5 17. exf5 Nxf5 18. Nxf5 Bxf5 19. b5 a5 20. Qe2 O-O-O 21. Bd5 Ne6
22. Bxe6+ Bxe6 23. c4 h5 24. Nb3 h4 25. Bd4 Bxd4 26. Nxd4 Bxc4 27. Nf5 Qg5 28.
Nxd6+ Rxd6 29. dxc4 Rd2 30. Qe4 Rd4 31. Qc2 Qf4 32. Qe2 Rd2 33. Qe3 h3 34. Qxf4
hxg2+ 35. Kxg2 exf4 36. Rfe1 f3+ 37. Kg3 Rd4 38. h4 gxh3 39. Kxf3 Rxc4 40. Rac1
Rhh4 41. Kg3 Rxc1 42. Rxc1 Rxa4 43. b6 c6 44. f4 Kd7 45. Re1 Rb4 46. f5 Rxb6
47. Kxh3 Ra6 48. Kg4 a4 49. f6 b5 50. Kf5 Ra8 51. Rd1+ Kc7 52. f7 a3 0-1

[Event "4NCL Division Two"]
[Site "Daventry, ENG"]
[Date "2023.03.19"]
[Round "8.62"]
[White "Byron, Alan M"]
[Black "Mitchell, Martin"]
[Result "1/2-1/2"]
[WhiteElo "2180"]
[BlackElo "2159"]
[PlyCount "92"]
[EventDate "2023.03.19"]
[WhiteTeam "The Rookies"]
[BlackTeam "Spirit of Atticus"]

1. e4 d6 2. d4 Nf6 3. Nc3 g6 4. Be3 c6 5. h3 Nbd7 6. Nf3 Qc7 7. Qd2 Bg7 8. a4
O-O 9. Bd3 e5 10. O-O a5 11. Rad1 Re8 12. Rfe1 exd4 13. Bxd4 Ne5 14. Be2 b6 15.
Be3 Bf8 16. Bg5 Nfd7 17. Nd4 Nc5 18. f4 Ned7 19. Bc4 Ne6 20. Nf3 Bb7 21. Bh4
Be7 22. f5 Ng7 23. fxg6 hxg6 24. Bxe7 Rxe7 25. Qxd6 Qxd6 26. Rxd6 Ne6 27. Bxe6
fxe6 28. Red1 Nf8 29. Ne5 Rc7 30. R1d2 Kg7 31. g4 Kf6 32. Nc4 b5 33. e5+ Ke7
34. Ne3 Nd7 35. axb5 Nxe5 36. Kf2 Rf8+ 37. Ke2 Rf3 38. R6d4 cxb5 39. Nxb5 Ba6
40. c4 Bxb5 41. cxb5 Rxh3 42. Re4 Rh2+ 43. Kd1 Rh1+ 44. Ke2 Rh2+ 45. Kd1 Rh1+
46. Ke2 Rh2+ 1/2-1/2

[Event "4NCL Division Two"]
[Site "Daventry, ENG"]
[Date "2023.03.19"]
[Round "8.63"]
[White "Crocker, Philip J"]
[Black "Burrows, Martin P"]
[Result "1-0"]
[WhiteElo "2222"]
[BlackElo "2132"]
[PlyCount "113"]
[EventDate "2023.03.19"]
[WhiteTeam "Spirit of Atticus"]
[BlackTeam "The Rookies"]

1. d4 Nf6 2. c4 e6 3. g3 d5 4. Nf3 Be7 5. Bg2 O-O 6. O-O dxc4 7. Qc2 a6 8. a4
Bd7 9. Qxc4 Bc6 10. Bf4 Bd6 11. Qc1 a5 12. Nc3 Na6 13. Rd1 Nb4 14. Be5 Be7 15.
Bxf6 Bxf6 16. e4 g6 17. e5 Bg7 18. Ng5 Bxg2 19. Kxg2 Qe7 20. Nge4 b6 21. Qf4 f6
22. exf6 Bxf6 23. Nxf6+ Rxf6 24. Qe4 Raf8 25. Rd2 Qf7 26. f4 Nd5 27. Rc1 Qd7
28. Nxd5 exd5 29. Qe5 c6 30. Re2 Qg7 31. Rxc6 Rxc6 32. Qxd5+ Kh8 33. Qxc6 Qxd4
34. Qe4 Rd8 35. Qxd4+ Rxd4 36. b3 Rb4 37. Re3 b5 38. axb5 Rxb5 39. Kf3 Rb4 40.
Kg4 Kg7 41. Re7+ Kh6 42. Ra7 Rxb3 43. Rxa5 Rb7 44. h4 Kg7 45. h5 gxh5+ 46. Kxh5
h6 47. g4 Rf7 48. f5 Rf6 49. Ra7+ Kg8 50. Re7 Ra6 51. Re6 Ra4 52. Rxh6 Kf7 53.
Rb6 Ra1 54. Kg5 Rg1 55. Rb7+ Kg8 56. Kh5 Rh1+ 57. Kg6 1-0